Top 100 Most Viewed Cities on Wikipedia - Statistics

General Stats
  • This quiz has been taken 3,922 times
  • The average score is 65 of 100
Answer Stats
Views/month Continent City % Correct
1326K North America New York City
98%
564K Asia Tokyo
98%
832K Europe Paris
97%
962K Europe London
96%
352K Asia Beijing
94%
760K North America Los Angeles
94%
593K Europe Berlin
93%
676K Europe Moscow
93%
387K Europe Madrid
92%
675K Europe Rome
92%
519K Europe Barcelona
88%
255K Asia Delhi
88%
452K Europe Amsterdam
86%
412K North America Mexico City
85%
354K Asia Shanghai
85%
495K North America Chicago
84%
597K Europe Istanbul
84%
285K Oceania Sydney
84%
361K Europe Milan
83%
345K South America Rio de Janeiro
83%
693K North America Washington, D.C.
83%
214K Europe Oslo
82%
299K Europe Stockholm
82%
361K North America Toronto
82%
324K Europe Athens
81%
288K North America Miami
81%
250K Europe Dublin
80%
270K Europe Lisbon
80%
411K Asia Mumbai
80%
468K North America San Francisco
80%
1004K Asia Hong Kong
79%
370K Europe Munich
79%
328K Asia Seoul
79%
291K Asia Bangkok
77%
653K Asia Dubai
77%
677K Europe Saint Petersburg
77%
438K Europe Vienna
77%
310K Europe Warsaw
77%
323K South America Buenos Aires
75%
305K Europe Copenhagen
75%
229K Europe Manchester
75%
1342K Asia Singapore
75%
370K Europe Kyiv
74%
223K Africa Cairo
73%
252K Asia Jakarta
73%
670K Asia Jerusalem
73%
294K South America São Paulo
73%
389K Europe Budapest
72%
299K Europe Naples
72%
336K North America Boston
71%
425K Europe Prague
71%
231K Oceania Melbourne
70%
241K North America Houston
69%
295K North America Vancouver
69%
441K Europe Venice
69%
336K North America Seattle
67%
199K Asia Tehran
67%
333K Europe Hamburg
66%
216K Europe Zürich
66%
233K Europe Marseille
65%
253K Europe Edinburgh
63%
296K Europe Frankfurt
63%
208K Europe Lyon
63%
298K North America Montreal
63%
225K Europe Liverpool
62%
219K South America Bogotá
60%
317K North America Philadelphia
60%
334K North America Las Vegas
58%
209K Europe Birmingham
56%
231K Europe Geneva
55%
231K Asia Abu Dhabi
54%
297K North America Atlanta
54%
303K Europe Florence
52%
240K Asia Tel Aviv
52%
217K Asia Kolkata
51%
198K Europe Turin
51%
284K North America Detroit
50%
255K Asia Ho Chi Minh City
50%
201K North America San Diego
48%
263K Europe Cologne
47%
342K Asia Mecca
47%
234K Europe Belgrade
46%
221K Europe Valencia
46%
220K Europe Seville
45%
229K Europe Kraków
43%
602K Europe Vatican City
37%
264K North America New Orleans
36%
212K Africa Alexandria
32%
207K Asia Beirut
32%
223K Asia Bangalore
29%
397K Asia Macau
28%
214K Europe The Hague
28%
207K Asia Hiroshima
23%
214K Asia Baku
22%
204K Europe Odessa
20%
227K Europe Strasbourg
16%
230K Asia Astana
14%
221K Europe Volgograd
10%
342K Europe Kaliningrad
4%
435K Europe Gibraltar
3%
No matching quizzes found
Score Distribution
Percent of People with Each Score
Percentile by Number Answered
Your Score History
You have not taken this quiz